| 000 | 00767nam a2200205Ia 4500 | ||
|---|---|---|---|
| 003 | OSt | ||
| 005 | 20250414130452.0 | ||
| 008 | 191128t2003 ck er 000 f spa d | ||
| 020 | _a9587060172 | ||
| 040 | 1 | 4 |
_aCO-JMCR _cCO-JMCR |
| 041 | _aspa | ||
| 082 | 0 | 4 |
_aA-N _bFRAr |
| 100 | 1 |
_aFranco Ramos, Jorge, _d1962 _eautor _96999 |
|
| 245 | 1 | 0 |
_aRosario tijeras / _cJorge Franco Ramos |
| 260 |
_aBogotá : _bEl tiempo, _c©2003. |
||
| 300 |
_a188 páginas ; _c21 cm. |
||
| 520 | _aRosario Tijeras, una mujer de la que nunca se sabía qué esperar, excepto que todo lo relacionaba con la muerte, a la que, como a todo, vivía dándole evasivas, al fin de enfrentar el hecho de que se esta muriendo. | ||
| 650 | 0 | 4 |
_aNovela colombiana _xsiglo XX _97000 |
| 942 |
_2ddc _cBK |
||
| 999 |
_c3253 _d3253 |
||